000 00423nam a22001817a 4500
003 LK-CoDNM
005 20250110100118.0
008 250102b |||||||| |||| 00| 0 eng d
040 _aLK-CoDNM
_dLK-CoDNM
_eLK-CoDNM
041 _aeng
080 _a5
_bM4
100 _aGeorges cuvier
245 _aLe regne animal
260 _aParis
_bFortin, masson
300 _b100ill ; 26 cm
650 _aScience
942 _cBK
999 _c235838
_d235838